| 000 | 00000nas 2200000za 4500 |
| 001 | 9.819878 |
| 003 | CaOODSP |
| 005 | 20221107143056 |
| 007 | cr ||||||||||| |
| 008 | 150406d19651986onc x m o||||f0 |0fre|d |
| 040 | |aCaOODSP|bfre |
| 043 | |an-cn--- |
| 086 | 1 |aXC26-1/0F-PDF |
| 110 | 1 |aCanada.|bParlement.|bChambre des communes. |bComité permanent des finances, du commerce et des qustion économiques. |
| 245 | 10|aRapport du Comité permanent des finances et des questions économiques |h[ressource électronique] |
| 260 | |a[Ottawa] : |bLe Comité,|c[1965-1986] |
| 310 | |aIrrégulier |
| 775 | 08|tReport of the Standing Committee on Finance, Trade and Economic Affairs |w(CaOODSP)9.819877 |
| 785 | 00|tRapport du Comité permanent des finances et des affaires économiques|w(CaOODSP)9.819845 |